[Event "4th Budapest Open"]
[Site "Budapest, Hungary"]
[Date "2014.08.16"]
[Round "1.28"]
[White "Szabo, Miklos Istvan"]
[Black "Kokeny, Norbert Adrian"]
[Result "0-1"]
[WhiteElo "1321"]
[BlackElo "1916"]
[PlyCount "50"]
[EventDate "2014.??.??"]

1. d4 d5 2. Nf3 Nf6 3. Bf4 c5 4. c4 Nc6 5. e3 Bg4 6. Be2 e6 7. Nc3 dxc4 8. Bxc4
cxd4 9. Nb5 Bb4+ 10. Kf1 e5 11. Bxf7+ Kxf7 12. Ng5+ Ke7 13. Qb3 Qd5 14. Qxd5
Nxd5 15. Bg3 dxe3 16. f3 Bf5 17. Ke2 Nd4+ 18. Nxd4 exd4 19. Rhd1 d3+ 20. Rxd3
Bxd3+ 21. Kxd3 Rad8 22. Ke4 e2 23. a3 Nf6+ 24. Kf5 g6+ 25. Kf4 Bd2+ 0-1

[Event "4th Budapest Open"]
[Site "Budapest, Hungary"]
[Date "2014.08.16"]
[Round "1.29"]
[White "Yip, Michael"]
[Black "Toth, Nikoletta"]
[Result "1-0"]
[WhiteElo "1916"]
[BlackElo "1193"]
[PlyCount "53"]
[EventDate "2014.??.??"]

1. Nf3 d5 2. d4 Nc6 3. c4 e6 4. Nc3 Bb4 5. e3 Nf6 6. Bd3 Bd7 7. O-O O-O 8. a3
Bxc3 9. bxc3 Na5 10. Ne5 Rc8 11. Bb2 c5 12. cxd5 c4 13. Bc2 exd5 14. a4 Be6 15.
Ba3 Re8 16. Rb1 Qc7 17. f4 Nc6 18. Qe1 b6 19. Qh4 h6 20. Kh1 Kh8 21. f5 Bd7 22.
Nxf7+ Kg8 23. Nxh6+ Kh8 24. Ng4+ Nh7 25. f6 g6 26. f7 Bxg4 27. Bxg6 1-0

[Event "4th Budapest Open"]
[Site "Budapest, Hungary"]
[Date "2014.08.17"]
[Round "2.1"]
[White "Bihari, Mihaly"]
[Black "Szabolcsi, Janos"]
[Result "0-1"]
[WhiteElo "2005"]
[BlackElo "2324"]
[PlyCount "70"]
[EventDate "2014.??.??"]

1. c4 e6 2. Nc3 d5 3. e3 Nf6 4. Nf3 c6 5. b3 Bd6 6. Bb2 O-O 7. Qc2 e5 8. d3 Bf5
9. e4 Bg6 10. g3 Na6 11. a3 dxe4 12. dxe4 Nc5 13. Nd2 a5 14. Bg2 Be7 15. O-O
Qd3 16. Rfc1 Rfd8 17. Qxd3 Nxd3 18. Rc2 Bc5 19. Nf1 Bd4 20. Bc1 Nxf2 21. Rxf2
Bxc3 22. Bb2 Rd3 23. Bxc3 Rxc3 24. Nd2 Rd8 25. Nf3 Nxe4 26. Re2 f6 27. Nxe5
Nxg3 28. hxg3 fxe5 29. Rxe5 Rxg3 30. Kh2 Rxb3 31. Rxa5 Rb2 32. Kh1 h6 33. Rg1
Kh7 34. Re5 Rd4 35. Kh2 Rxc4 0-1

[Event "4th Budapest Open"]
[Site "Budapest, Hungary"]
[Date "2014.08.17"]
[Round "2.2"]
[White "Gal, Tamas"]
[Black "Mester, Attila"]
[Result "1-0"]
[WhiteElo "2254"]
[BlackElo "2006"]
[PlyCount "57"]
[EventDate "2014.??.??"]

1. d4 Nf6 2. c4 g6 3. Nc3 Bg7 4. Nf3 O-O 5. Bg5 d6 6. e3 h6 7. Bh4 Bf5 8. Be2
Nbd7 9. O-O g5 10. Bg3 Bg6 11. h4 Nh7 12. hxg5 hxg5 13. e4 f5 14. exf5 Bxf5 15.
Qd2 e6 16. Rfe1 a6 17. b4 Qf6 18. Rad1 Rf7 19. Bd3 Ndf8 20. Ne4 Bxe4 21. Bxe4
Rb8 22. c5 Qd8 23. cxd6 cxd6 24. Bxh7+ Nxh7 25. Rxe6 Rd7 26. Rde1 Bf6 27. Qd3
Kg7 28. d5 Nf8 29. Nd4 1-0

[Event "4th Budapest Open"]
[Site "Budapest, Hungary"]
[Date "2014.08.17"]
[Round "2.3"]
[White "Grigoryan, Meri"]
[Black "Zentai, Peter"]
[Result "0-1"]
[WhiteElo "1996"]
[BlackElo "2236"]
[PlyCount "78"]
[EventDate "2014.??.??"]

1. d4 d5 2. Bf4 Nf6 3. e3 c5 4. c3 Nc6 5. Nd2 cxd4 6. exd4 Bf5 7. Qb3 Qc8 8.
Bb5 e6 9. Ngf3 Be7 10. Ne5 O-O 11. Ndf3 Ne4 12. O-O g5 13. Bc1 f6 14. Nxc6 bxc6
15. Be2 Bd6 16. Qd1 Qc7 17. h3 Rab8 18. Ne1 c5 19. Bg4 Bxg4 20. Qxg4 f5 21. Qh5
cxd4 22. cxd4 Bh2+ 23. Kh1 Qc4 24. Rg1 Bxg1 25. Kxg1 Qxd4 26. Be3 Qxb2 27. Rc1
Rbc8 28. Rxc8 Rxc8 29. Nf3 Qa1+ 30. Kh2 Qf6 31. Bxg5 Qg6 32. Qh4 Nxg5 33. Nxg5
Rc4 34. Qg3 f4 35. Qh4 f3 36. g4 Rf4 37. Nxe6 Qf6 38. Qg3 Rb4 39. Qd6 Rb6 0-1

[Event "4th Budapest Open"]
[Site "Budapest, Hungary"]
[Date "2014.08.17"]
[Round "2.4"]
[White "Gal, Janos"]
[Black "Balint, Vilmos"]
[Result "0-1"]
[WhiteElo "1948"]
[BlackElo "2187"]
[PlyCount "84"]
[EventDate "2014.??.??"]

1. d4 f5 2. c4 Nf6 3. Nc3 g6 4. g3 Bg7 5. Bg2 O-O 6. Bg5 d6 7. Qb3 Nc6 8. Be3
Ng4 9. Bxc6 bxc6 10. Nd1 Be6 11. Qd3 Nxe3 12. fxe3 Rb8 13. Nf3 h6 14. O-O Bf7
15. b3 e5 16. dxe5 dxe5 17. e4 Qe7 18. Nf2 Qc5 19. Kg2 Rbd8 20. Qc3 Rd6 21.
Rac1 a5 22. Rcd1 Rfd8 23. Rd3 g5 24. Rfd1 Bg6 25. Rxd6 cxd6 26. Qc2 fxe4 27.
Nxe4 Qe3 28. Nf6+ Kf7 29. Ng4 Qxf3+ 30. exf3 Bxc2 31. Rd2 Bb1 32. Ne3 Ke6 33.
Kh3 d5 34. cxd5+ cxd5 35. Kg4 Bg6 36. h4 d4 37. Nc4 Bf5+ 38. Kh5 Bf6 39. Nxa5
Rg8 40. Nb7 gxh4 41. gxh4 Bg6+ 42. Kxh6 Bf5 0-1

[Event "4th Budapest Open"]
[Site "Budapest, Hungary"]
[Date "2014.08.17"]
[Round "2.5"]
[White "Bodi, Tibor"]
[Black "Horvath, Dominik"]
[Result "1-0"]
[WhiteElo "2165"]
[BlackElo "2004"]
[PlyCount "119"]
[EventDate "2014.??.??"]

1. f4 Nf6 2. Nf3 g6 3. g3 Bg7 4. Bg2 O-O 5. O-O d6 6. Nc3 Nbd7 7. e4 e5 8. d3
c6 9. h3 Nh5 10. Kh2 exf4 11. g4 Ng3 12. Rf2 f5 13. exf5 gxf5 14. Bxf4 fxg4 15.
Bxg3 gxf3 16. Rxf3 Ne5 17. Rxf8+ Qxf8 18. Qh5 Qf7 19. Qxf7+ Kxf7 20. Ne4 d5 21.
Nd6+ Kg6 22. Ne8 Nd7 23. Re1 Kf7 24. Nd6+ Kg6 25. c4 Bf8 26. cxd5 Bxd6 27. Bxd6
cxd5 28. Bxd5 Nf6 29. Rg1+ Kf5 30. Rf1+ Kg6 31. Bg2 Bf5 32. Bxb7 Re8 33. Bc5
Rb8 34. Bg2 Rxb2 35. Rf2 Rxf2 36. Bxf2 a6 37. Bf1 Be6 38. a3 a5 39. Kg3 Kf5 40.
Kf3 Bb3 41. Ke3 Ke5 42. Bg2 Nd5+ 43. Kd2 a4 44. Be3 Nxe3 45. Kxe3 Be6 46. d4+
Kd6 47. h4 Bb3 48. Be4 h6 49. Kd3 Bd1 50. Kc3 Ke6 51. Bc2 Bf3 52. Kc4 Bd5+ 53.
Kc5 Bb3 54. Bd3 Ke7 55. d5 Kd8 56. d6 Bd1 57. Bb5 Bc2 58. Kb4 h5 59. Bxa4 Be4
60. Kc5 1-0

[Event "4th Budapest Open"]
[Site "Budapest, Hungary"]
[Date "2014.08.17"]
[Round "2.6"]
[White "Kokeny, Norbert Adrian"]
[Black "Nagy, Aron"]
[Result "1/2-1/2"]
[WhiteElo "1916"]
[BlackElo "2145"]
[PlyCount "61"]
[EventDate "2014.??.??"]

1. d4 Nf6 2. Nf3 g6 3. Bg5 Bg7 4. e3 O-O 5. Bd3 c5 6. Nbd2 d5 7. c3 cxd4 8.
exd4 h6 9. Bh4 Qb6 10. Qb3 Qe6+ 11. Kf1 Nc6 12. Re1 Qd7 13. Bg3 Qd8 14. Ne5 Bf5
15. Bxf5 gxf5 16. Nxc6 bxc6 17. Qb7 e6 18. Qxc6 Qa5 19. a4 Rfc8 20. Qb5 Qd8 21.
Be5 Nd7 22. Bxg7 Kxg7 23. Qd3 Rab8 24. b4 a5 25. b5 Nb6 26. Ra1 Qc7 27. Ra3 Qe7
28. Ra1 Qc7 29. Ra3 Qe7 30. Ra1 Qc7 31. Ra3 1/2-1/2

[Event "4th Budapest Open"]
[Site "Budapest, Hungary"]
[Date "2014.08.17"]
[Round "2.7"]
[White "Kormos, Adam"]
[Black "Takacs, Kevin"]
[Result "1-0"]
[WhiteElo "2144"]
[BlackElo "2001"]
[PlyCount "91"]
[EventDate "2014.??.??"]

1. Nf3 Nf6 2. g3 g6 3. Bg2 Bg7 4. c4 O-O 5. Nc3 d6 6. O-O e5 7. d3 c6 8. Bd2
Nbd7 9. b4 d5 10. cxd5 Nxd5 11. Nxd5 cxd5 12. Rc1 Nb6 13. a4 Bg4 14. a5 Nc8 15.
h3 Bf5 16. Bc3 Qe7 17. Qb3 d4 18. Bd2 Nd6 19. b5 Qd7 20. Rc5 Bxh3 21. Nxe5 Bxe5
22. Rxe5 Bxg2 23. Kxg2 Rfe8 24. Rd5 Qe6 25. Rb1 Nf5 26. Bg5 Rac8 27. Rb2 h6 28.
Bf4 g5 29. Re5 Qf6 30. Rxe8+ Rxe8 31. Bc7 h5 32. Qd5 g4 33. Qxb7 h4 34. Qc6 Re6
35. Qa8+ Kg7 36. Qd8 h3+ 37. Kh2 Ne7 38. Bf4 Qf5 39. Qxd4+ Kh7 40. Qxa7 Qd5 41.
e4 Qxd3 42. Qe3 Qf1 43. f3 gxf3 44. b6 f5 45. e5 Nd5 46. Qc1 1-0

[Event "4th Budapest Open"]
[Site "Budapest, Hungary"]
[Date "2014.08.17"]
[Round "2.8"]
[White "Rinyu, Janos"]
[Black "Markos, Adam"]
[Result "1-0"]
[WhiteElo "1896"]
[BlackElo "2135"]
[PlyCount "59"]
[EventDate "2014.??.??"]

1. d4 d5 2. Nf3 Nf6 3. Bf4 c5 4. e3 Nc6 5. c3 Qb6 6. Qb3 c4 7. Qc2 Bf5 8. Qc1
h6 9. h3 e6 10. Nbd2 Qd8 11. Be2 Bd6 12. Bxd6 Qxd6 13. O-O O-O 14. b3 b5 15. a4
a6 16. axb5 axb5 17. Qb2 Nd7 18. Rxa8 Rxa8 19. Ra1 Qb8 20. bxc4 bxc4 21. Rxa8
Qxa8 22. Nh4 Bh7 23. f4 Qb8 24. Qa2 Qb5 25. Bd1 Nb6 26. Nhf3 f6 27. Qa3 Bd3 28.
Ne1 g6 29. Qc5 Na7 30. Qe7 1-0

[Event "4th Budapest Open"]
[Site "Budapest, Hungary"]
[Date "2014.08.17"]
[Round "2.10"]
[White "Kovacs, Judit"]
[Black "Torok, Tamas Titusz"]
[Result "0-1"]
[WhiteElo "1729"]
[BlackElo "2090"]
[PlyCount "74"]
[EventDate "2014.??.??"]

1. d4 d5 2. Nf3 Nc6 3. c4 e5 4. Nxe5 Nxe5 5. dxe5 d4 6. Nd2 Ne7 7. Nb3 c5 8. e3
Nc6 9. exd4 cxd4 10. Be2 Be6 11. O-O Be7 12. Bf4 Qd7 13. a3 O-O 14. Qc2 Bf5 15.
Bd3 Bxd3 16. Qxd3 Rfd8 17. Rad1 Qg4 18. Bg3 a5 19. f4 f5 20. h3 Qg6 21. Bf2 b6
22. Nxd4 Nxd4 23. Bxd4 Rxd4 24. Qxd4 Bc5 25. Qxc5 bxc5 26. Rd5 a4 27. Kh1 Qb6
28. Rf2 Rc8 29. Rd3 Rd8 30. Rd5 Rc8 31. Rd3 Qa6 32. Rc2 Qa8 33. Re2 Rd8 34.
Rde3 Rd4 35. e6 Re4 36. e7 Kf7 37. e8=Q+ Qxe8 0-1

[Event "4th Budapest Open"]
[Site "Budapest, Hungary"]
[Date "2014.08.17"]
[Round "2.11"]
[White "Juhasz, Bela"]
[Black "Kalmar, Karoly"]
[Result "1-0"]
[WhiteElo "2087"]
[BlackElo "1942"]
[PlyCount "49"]
[EventDate "2014.??.??"]

1. Nf3 d5 2. d4 Nf6 3. c4 dxc4 4. e3 e6 5. Bxc4 a6 6. a4 c5 7. O-O b6 8. Qe2
Bb7 9. Rd1 Qc8 10. Nc3 Be7 11. dxc5 bxc5 12. e4 Nc6 13. Bg5 O-O 14. e5 Nd7 15.
Ne4 Qc7 16. Bxe7 Nxe7 17. Neg5 Nd5 18. Qe4 g6 19. Qh4 h5 20. Qg3 Kg7 21. Bd3
Rae8 22. Nxf7 Ne7 23. Nd6 Rd8 24. Ng5 Bd5 25. Be4 1-0

[Event "4th Budapest Open"]
[Site "Budapest, Hungary"]
[Date "2014.08.17"]
[Round "2.14"]
[White "Antal, Attila Dr"]
[Black "Bartuszek, Andras"]
[Result "0-1"]
[WhiteElo "2048"]
[BlackElo "1884"]
[PlyCount "88"]
[EventDate "2014.??.??"]

1. e4 c5 2. Nf3 d6 3. d4 cxd4 4. Qxd4 Bd7 5. c4 Nf6 6. Nc3 g6 7. b3 Bg7 8. Bb2
Nc6 9. Qd2 Qa5 10. Nd5 Qxd2+ 11. Nxd2 O-O 12. Nxf6+ exf6 13. O-O-O Rfe8 14. f3
Rad8 15. Bd3 Ne5 16. Be2 f5 17. f4 Ng4 18. Bxg4 Bxb2+ 19. Kxb2 fxg4 20. e5 Bf5
21. Rhe1 dxe5 22. fxe5 Rd3 23. Kc1 Rc3+ 24. Kb2 Rc2+ 25. Ka3 Rd8 26. Ne4 Rxd1
27. Nf6+ Kg7 28. Rxd1 Rxg2 29. Ne8+ Kf8 30. Rd8 Rxh2 31. Nd6+ Kg7 32. Nxf5+
gxf5 33. Rd7 Re2 34. Rxb7 g3 35. Rd7 Rxe5 36. Rd2 a5 37. b4 axb4+ 38. Kxb4 h5
39. c5 h4 40. c6 Re8 41. Kb5 h3 42. c7 Rc8 43. Kc6 h2 44. Kd7 Rxc7+ 0-1

[Event "4th Budapest Open"]
[Site "Budapest, Hungary"]
[Date "2014.08.17"]
[Round "2.15"]
[White "Juhasz, Mark"]
[Black "Pakh, Alex"]
[Result "1-0"]
[WhiteElo "2210"]
[BlackElo "1883"]
[PlyCount "81"]
[EventDate "2014.??.??"]

1. Nf3 d5 2. c4 dxc4 3. Na3 a6 4. Nxc4 b5 5. Ne3 Bb7 6. a4 Nf6 7. Qb3 c6 8. g3
Nbd7 9. d4 e6 10. Bg2 Be7 11. O-O O-O 12. Nc4 Rb8 13. Na3 Qb6 14. Rd1 c5 15.
axb5 Bd5 16. Nc4 Qb7 17. Qc2 axb5 18. Ne3 Be4 19. Qc3 cxd4 20. Nxd4 Rbc8 21.
Bxe4 Qxe4 22. Qe1 Rc5 23. Nb3 Rc7 24. Rd4 Qb7 25. Bd2 Nc5 26. Qd1 Nxb3 27. Qxb3
Rfc8 28. Ra5 Rc5 29. Qd3 Nd5 30. Nxd5 exd5 31. b4 Rc4 32. Rxd5 f6 33. Raxb5 Qa8
34. Qe3 Kf8 35. Ra5 Qc6 36. Ra7 Re8 37. Rdd7 Re4 38. Qd3 Qe6 39. e3 g6 40. Bc3
Qf7 41. Qxe4 1-0

[Event "4th Budapest Open"]
[Site "Budapest, Hungary"]
[Date "2014.08.17"]
[Round "2.16"]
[White "Bellan, Istvan"]
[Black "Zoldy, Robert"]
[Result "0-1"]
[WhiteElo "1884"]
[BlackElo "2029"]
[PlyCount "58"]
[EventDate "2014.??.??"]

1. e4 e5 2. Bb5 a6 3. Ba4 Nf6 4. Qe2 Bc5 5. c3 O-O 6. Nf3 Re8 7. O-O Ba7 8. d3
h6 9. Be3 b5 10. Bb3 c5 11. Nbd2 Bb7 12. a4 Nc6 13. axb5 axb5 14. h3 d5 15.
exd5 Nxd5 16. Nh2 Nf4 17. Bxf4 exf4 18. Qh5 Ne5 19. Ng4 Qc7 20. Bc2 Nxg4 21.
Qxg4 Qe5 22. Nf3 Qe2 23. Rfe1 Qxc2 24. Rxe8+ Rxe8 25. Rxa7 Bxf3 26. Qxf3 Qc1+
27. Kh2 Re1 28. g3 fxg3+ 29. Kxg3 Qg5+ 0-1

[Event "4th Budapest Open"]
[Site "Budapest, Hungary"]
[Date "2014.08.17"]
[Round "2.17"]
[White "Ruck, Robert"]
[Black "Bartok, David Dominik"]
[Result "1-0"]
[WhiteElo "2027"]
[BlackElo "1492"]
[PlyCount "55"]
[EventDate "2014.??.??"]

1. e4 e5 2. Nf3 Nf6 3. Nxe5 d6 4. Nf3 Nxe4 5. d4 d5 6. Bd3 Be7 7. O-O O-O 8. c4
c6 9. Nc3 Nxc3 10. bxc3 Bg4 11. h3 Bh5 12. Rb1 Qc7 13. cxd5 cxd5 14. g4 Bg6 15.
Bxg6 fxg6 16. Qd3 Nc6 17. Kg2 Rab8 18. Re1 Bd6 19. Ng5 Rfe8 20. Bd2 Na5 21. Qb5
Rxe1 22. Rxe1 Nc4 23. Re8+ Rxe8 24. Qxe8+ Bf8 25. Qe6+ Kh8 26. Nf7+ Kg8 27.
Nh6+ Kh8 28. Qg8# 1-0

[Event "4th Budapest Open"]
[Site "Budapest, Hungary"]
[Date "2014.08.17"]
[Round "2.18"]
[White "Heyl, Thomas"]
[Black "Kovacsy, Barnabas"]
[Result "1/2-1/2"]
[WhiteElo "2001"]
[BlackElo "1622"]
[PlyCount "58"]
[EventDate "2014.??.??"]

1. c4 c5 2. g3 g6 3. Bg2 Bg7 4. Nf3 Nc6 5. O-O e6 6. e4 Nge7 7. d3 O-O 8. Nc3
a6 9. Rb1 Rb8 10. Be3 Nd4 11. Qd2 Nec6 12. Bh6 Nxf3+ 13. Bxf3 Nd4 14. Bg2 Qf6
15. Bg5 Nf3+ 16. Bxf3 Qxf3 17. Be7 Re8 18. Bd6 Ra8 19. Bxc5 d5 20. Qe2 Qxe2 21.
Nxe2 dxc4 22. dxc4 b5 23. b3 Bb7 24. f3 f5 25. Bd4 fxe4 26. f4 Bxd4+ 27. Nxd4
Rad8 28. Rfd1 e5 29. fxe5 Rxe5 1/2-1/2

[Event "4th Budapest Open"]
[Site "Budapest, Hungary"]
[Date "2014.08.17"]
[Round "2.19"]
[White "Gorog, Almos"]
[Black "Horvath, Csaba"]
[Result "1/2-1/2"]
[WhiteElo "1627"]
[BlackElo "1839"]
[PlyCount "41"]
[EventDate "2014.??.??"]

1. c4 f5 2. g3 Nf6 3. Bg2 g6 4. Nc3 Bg7 5. d3 O-O 6. e4 fxe4 7. Nxe4 c5 8. h4
d6 9. Bg5 Nxe4 10. Bxe4 Bxb2 11. h5 Qa5+ 12. Bd2 Bc3 13. hxg6 Bxd2+ 14. Qxd2
Qxd2+ 15. Kxd2 hxg6 16. Ke3 Kg7 17. Nf3 Nd7 18. Nh4 Nf6 19. Nxg6 Nxe4 20. Nxf8
Nf6 21. f3 1/2-1/2

[Event "4th Budapest Open"]
[Site "Budapest, Hungary"]
[Date "2014.08.17"]
[Round "2.21"]
[White "Lakatos, Tamas"]
[Black "Bodrogi, Mihaly"]
[Result "0-1"]
[WhiteElo "1555"]
[BlackElo "2081"]
[PlyCount "65"]
[EventDate "2014.??.??"]

1. e4 c5 2. c3 Qa5 3. Nf3 d6 4. Be2 Nf6 5. Qc2 Nc6 6. O-O e5 7. Rd1 Be7 8. a3
O-O 9. d4 cxd4 10. cxd4 Bg4 11. dxe5 dxe5 12. Bd2 Qc7 13. Bc3 Bxf3 14. Bxf3 Nd4
15. Qd3 Rfd8 16. Bxd4 Rxd4 17. Qc3 Rc4 18. Qe3 Bc5 19. Qd3 Bd4 20. Nd2 Rc2 21.
Nb3 Bxf2+ 22. Kh1 Bb6 23. Rac1 Rxc1 24. Rxc1 Qd8 25. Qc3 Qe7 26. h3 h6 27. a4
Rd8 28. a5 Bd4 29. Qc7 Qxc7 30. Rxc7 Rd7 31. Rc2 Kf8 32. Nc5 Rd8 33. Nd3 0-1

[Event "4th Budapest Open"]
[Site "Budapest, Hungary"]
[Date "2014.08.17"]
[Round "2.22"]
[White "Toth, Viktor"]
[Black "Molnar, Laszlo"]
[Result "0-1"]
[WhiteElo "1530"]
[BlackElo "2067"]
[PlyCount "44"]
[EventDate "2014.??.??"]

1. e4 g6 2. d4 Bg7 3. Nf3 d6 4. c4 Nf6 5. Nc3 O-O 6. Be2 e5 7. dxe5 dxe5 8. O-O
c6 9. Qxd8 Rxd8 10. Bg5 h6 11. Bh4 Re8 12. Rad1 Nbd7 13. Rd2 Nc5 14. Rfd1 Nfxe4
15. Nxe4 Nxe4 16. Rd8 Be6 17. Rxa8 Rxa8 18. Bd3 Nc5 19. Bb1 Bxc4 20. Rc1 Bd3
21. Rxc5 Bxb1 22. Nxe5 Bxa2 0-1

[Event "4th Budapest Open"]
[Site "Budapest, Hungary"]
[Date "2014.08.17"]
[Round "2.23"]
[White "Szecsi, Pal"]
[Black "Dal Bianco, Nicola"]
[Result "1/2-1/2"]
[WhiteElo "1882"]
[BlackElo "1633"]
[PlyCount "85"]
[EventDate "2014.??.??"]

1. e4 c6 2. d4 d5 3. Nc3 dxe4 4. Nxe4 Bf5 5. Ng3 Bg6 6. f4 e6 7. Nf3 Nd7 8. Bd3
Ne7 9. c4 Qc7 10. O-O Bxd3 11. Qxd3 Ng6 12. Ne5 Ndxe5 13. fxe5 O-O-O 14. Qe4 b6
15. Bf4 Rxd4 16. Qxd4 Bc5 17. Qxc5 bxc5 18. Rad1 Rd8 19. Rxd8+ Qxd8 20. Be3
Nxe5 21. Bxc5 Qd7 22. Ne4 f6 23. Nd6+ Kb8 24. Rd1 Nxc4 25. Rd4 Nxd6 26. Rxd6
Qe8 27. Rd3 a6 28. Rb3+ Ka8 29. a4 Qd8 30. Rf3 Qd1+ 31. Rf1 Qc2 32. b4 e5 33.
Bf8 Qg6 34. Rd1 Qf7 35. Bc5 Kb7 36. a5 f5 37. Rd8 e4 38. Bd6 g6 39. Rb8+ Ka7
40. Rc8 Qd5 41. Rc7+ Ka8 42. Rc8+ Ka7 43. Rc7+ 1/2-1/2

[Event "4th Budapest Open"]
[Site "Budapest, Hungary"]
[Date "2014.08.17"]
[Round "2.24"]
[White "Mihajlova, Diana"]
[Black "Rajcsanyi, Peter"]
[Result "0-1"]
[WhiteElo "1492"]
[BlackElo "1860"]
[PlyCount "81"]
[EventDate "2014.??.??"]

1. e4 c5 2. Nf3 d6 3. d4 cxd4 4. Nxd4 Nf6 5. Nc3 a6 6. Bg5 h6 7. Bxf6 gxf6 8.
Bc4 h5 9. Qd3 Qa5 10. Nb3 Qg5 11. Nd5 Kd8 12. Nb6 Ra7 13. Nxc8 Kxc8 14. Bxf7
Nc6 15. Be6+ Kb8 16. h4 Qxg2 17. O-O-O Qxf2 18. Kb1 Bh6 19. Rdg1 Ra8 20. Qd5
Ka7 21. Na5 Qb6 22. Nxc6+ bxc6 23. Qd1 Rab8 24. b3 Bf4 25. Rg7 Rb7 26. Bf5 Qc5
27. c4 Qxc4 28. Rxe7 Qc5 29. Rxb7+ Kxb7 30. Rg1 Be5 31. Qe1 Qd4 32. Kc2 Kb6 33.
Qb1 c5 34. b4 c4 35. Qf1 Qb2+ 36. Kd1 Qb1+ 37. Ke2 Qxa2+ 38. Kf3 Qb3+ 39. Kf2
Bd4+ 40. Kg2 Rg8+ 41. Kh2 0-1

[Event "4th Budapest Open"]
[Site "Budapest, Hungary"]
[Date "2014.08.17"]
[Round "2.25"]
[White "Szecsi, Peter"]
[Black "Ronyai, Imre"]
[Result "1-0"]
[WhiteElo "1858"]
[BlackElo "1540"]
[PlyCount "35"]
[EventDate "2014.??.??"]

1. e4 c5 2. Nc3 e5 3. Bc4 Nf6 4. Nf3 Nc6 5. Ng5 d5 6. exd5 Na5 7. Bb5+ Bd7 8.
Qe2 Bd6 9. Nge4 Nxe4 10. Nxe4 Qc7 11. Bxd7+ Qxd7 12. Nxd6+ Qxd6 13. Qb5+ Nc6
14. dxc6 bxc6 15. Qc4 O-O 16. d3 Rfb8 17. a3 h5 18. O-O 1-0

[Event "4th Budapest Open"]
[Site "Budapest, Hungary"]
[Date "2014.08.17"]
[Round "2.26"]
[White "Liptak, Tibor"]
[Black "Papp, Andras"]
[Result "1-0"]
[WhiteElo "1827"]
[BlackElo "1421"]
[PlyCount "101"]
[EventDate "2014.??.??"]

1. e4 c6 2. Nc3 e6 3. d4 Bb4 4. Bd2 d5 5. exd5 cxd5 6. Nf3 Nc6 7. Bb5 Bd6 8.
O-O Bd7 9. Re1 h6 10. Nxd5 Nce7 11. Nc3 Nf6 12. Bxd7+ Qxd7 13. Qe2 O-O 14. Rad1
Qc6 15. Ne4 Nxe4 16. Qxe4 Qxe4 17. Rxe4 Kh7 18. d5 exd5 19. Rf4 f5 20. Rd4 f4
21. Re1 Rf5 22. Re6 Rd8 23. Bb4 Bxb4 24. Rxb4 Rd7 25. Nd4 Rf8 26. Rb3 Nf5 27.
Ne2 g5 28. Rd3 Re7 29. Rxe7+ Nxe7 30. h4 f3 31. gxf3 gxh4 32. Kg2 Rf5 33. Nd4
Rg5+ 34. Kh3 Ng6 35. Ne6 Rf5 36. Kg4 Re5 37. Re3 h5+ 38. Kh3 Rf5 39. Nd8 b5 40.
Nc6 a6 41. Ra3 Rf4 42. Rxa6 Rc4 43. c3 Nf4+ 44. Kxh4 Nd3+ 45. Kxh5 Nf4+ 46. Kg5
Nh3+ 47. Kf6 Ra4 48. Rxa4 bxa4 49. Ke5 Nxf2 50. Kxd5 Nd3 51. b3 1-0

[Event "4th Budapest Open"]
[Site "Budapest, Hungary"]
[Date "2014.08.17"]
[Round "2.27"]
[White "Birovecz, Ben Jordan"]
[Black "Karacsonyi, Gellert"]
[Result "1/2-1/2"]
[WhiteElo "1410"]
[BlackElo "1806"]
[PlyCount "160"]
[EventDate "2014.??.??"]

1. e4 e6 2. d4 d5 3. Nc3 Bb4 4. e5 c5 5. Be3 Nc6 6. Nf3 cxd4 7. Bxd4 Qc7 8. a3
Nxd4 9. Qxd4 Bxc3+ 10. bxc3 Bd7 11. Bd3 Ne7 12. O-O Ng6 13. Rfe1 a6 14. a4 O-O
15. Bxg6 fxg6 16. Re3 Qc4 17. Qxc4 dxc4 18. Ree1 Bc6 19. Nd4 Bd5 20. Rab1 Rac8
21. Rb6 Rfe8 22. Reb1 Rc5 23. Rd6 Ra5 24. Rb4 b5 25. Nc6 Bxc6 26. Rxc6 bxa4 27.
Rcxc4 Rb5 28. g3 Rxe5 29. Rxa4 Re2 30. Rxa6 Rxc2 31. Ra1 Rf8 32. Rf1 Rf3 33.
Rc6 Kf7 34. c4 Rfc3 35. Re1 Rf3 36. Rf1 g5 37. Kg2 g4 38. Rc5 Rf5 39. Rc7+ Kf6
40. Rc8 h5 41. c5 Rfxc5 42. Rxc5 Rxc5 43. Re1 Rc2 44. Re4 e5 45. Ra4 Kf5 46.
Ra5 g6 47. Rb5 Ke4 48. Rb6 Kf5 49. Rb5 Rc6 50. Rb4 h4 51. Rb1 h3+ 52. Kf1 Ke4
53. Re1+ Kd4 54. Rd1+ Ke4 55. Re1+ Kf5 56. Re3 Rc1+ 57. Re1 Rxe1+ 58. Kxe1 Ke4
59. Ke2 Kd4 60. Kd2 e4 61. Ke1 Kc3 62. Kd1 Kd4 63. Kd2 Ke5 64. Ke1 Kd5 65. Kd1
Kc4 66. Kc2 Kd5 67. Kd1 Ke5 68. Ke1 Kf5 69. Kf1 Kf6 70. Ke2 Ke6 71. Kd1 Kd5 72.
Ke1 Kc5 73. Kd1 Kb4 74. Kd2 Kb3 75. Ke3 Kc3 76. Kxe4 Kd2 77. f4 gxf3 78. Kxf3
Ke1 79. Kg4 Kf2 80. Kxh3 Kf3 1/2-1/2

[Event "4th Budapest Open"]
[Site "Budapest, Hungary"]
[Date "2014.08.17"]
[Round "2.28"]
[White "Abraham, Lajos"]
[Black "Czipp, Janos"]
[Result "1-0"]
[WhiteElo "1803"]
[BlackElo "1382"]
[PlyCount "73"]
[EventDate "2014.??.??"]

1. Nf3 d5 2. e3 Nf6 3. b3 Bf5 4. Bb2 e6 5. Be2 Be7 6. O-O Nbd7 7. c4 O-O 8. Nc3
Nc5 9. cxd5 Nxd5 10. Ba3 c6 11. Nh4 Qa5 12. Nxf5 exf5 13. Nxd5 cxd5 14. Bb2 Ne4
15. d3 Nf6 16. a3 Rfc8 17. b4 Qd8 18. Qb3 Qd6 19. Rac1 Bd8 20. Bf3 Bc7 21. g3
Rd8 22. Rc2 Rd7 23. Rfc1 Rad8 24. Rc5 b6 25. Rc6 Qe7 26. Bd4 Ne8 27. Qc3 f6 28.
Bh5 Nd6 29. Rxc7 g6 30. Bf3 Ne8 31. Bxd5+ Kf8 32. Rxd7 Rxd7 33. Bc6 Rc7 34. b5
Nd6 35. Bxf6 Qe6 36. Qe5 Qc8 37. Qxd6+ 1-0

[Event "4th Budapest Open"]
[Site "Budapest, Hungary"]
[Date "2014.08.17"]
[Round "2.29"]
[White "Karacsonyi, Kata"]
[Black "Di Giovanni, Vilmos"]
[Result "1-0"]
[WhiteElo "1377"]
[BlackElo "1784"]
[PlyCount "81"]
[EventDate "2014.??.??"]

1. e4 d5 2. exd5 Nf6 3. d4 Bg4 4. Nf3 Qxd5 5. Nc3 Qd8 6. Be2 e6 7. O-O Be7 8.
Bg5 Nbd7 9. Qd2 h6 10. Bf4 a6 11. Rad1 c6 12. Rfe1 Nb6 13. Ne5 Bxe2 14. Qxe2
Qc8 15. Ne4 Nbd5 16. Bg3 Nxe4 17. Qxe4 Bb4 18. c3 Bxc3 19. bxc3 Nxc3 20. Qg4
O-O 21. Rd3 Nxa2 22. Bf4 f5 23. Qg3 Rf6 24. Nc4 Qf8 25. Nb6 Qb4 26. Ra1 Qxb6
27. Rb3 Qd8 28. Rxa2 Qxd4 29. Rd3 Qe4 30. Ra1 e5 31. Bd2 f4 32. Qh3 Raf8 33.
Re1 Qg6 34. Bb4 f3 35. Rdd1 Re8 36. Bc3 Rf5 37. Rd7 fxg2 38. Rxb7 Ref8 39. Re2
Rxf2 40. Rxf2 Rd8 41. Qf3 1-0

[Event "4th Budapest Open"]
[Site "Budapest, Hungary"]
[Date "2014.08.17"]
[Round "2.30"]
[White "Szlenka, Attila"]
[Black "Szabo, Miklos Istvan"]
[Result "1-0"]
[WhiteElo "1775"]
[BlackElo "1321"]
[PlyCount "79"]
[EventDate "2014.??.??"]

1. c4 Nf6 2. Nc3 e6 3. g3 d5 4. cxd5 Nxd5 5. Bg2 Nxc3 6. bxc3 Bc5 7. d4 Be7 8.
e4 c5 9. d5 Qb6 10. Ne2 O-O 11. O-O Rd8 12. Qb3 Qa6 13. Re1 c4 14. Qc2 e5 15.
Be3 Nd7 16. f4 f6 17. Kh1 Bc5 18. Bxc5 Nxc5 19. fxe5 fxe5 20. Rf1 Nd3 21. Nc1
Bg4 22. h3 Qh6 23. Kh2 Qh5 24. Nxd3 cxd3 25. Qxd3 Be2 26. Qe3 Bxf1 27. Rxf1 Rd6
28. Rf5 Qe8 29. c4 b6 30. Qc3 Qa4 31. Qxe5 Qd7 32. Qf4 g6 33. Rf6 Rxf6 34. Qxf6
Qc7 35. e5 Qxc4 36. Qe6+ Kf8 37. Qd7 Kg8 38. e6 Qe2 39. Qf7+ Kh8 40. e7 1-0

[Event "4th Budapest Open"]
[Site "Budapest, Hungary"]
[Date "2014.08.17"]
[Round "2.31"]
[White "Toth, Nikoletta"]
[Black "Szurkos, Andras"]
[Result "0-1"]
[WhiteElo "1193"]
[BlackElo "1775"]
[PlyCount "50"]
[EventDate "2014.??.??"]

1. e4 e5 2. Nf3 Nc6 3. Bb5 Nd4 4. Bc4 Nxf3+ 5. Qxf3 Qf6 6. Qb3 Bc5 7. O-O Ne7
8. Nc3 c6 9. Ne2 b5 10. Bd3 O-O 11. a4 b4 12. c3 a5 13. Bc4 Bb7 14. d4 exd4 15.
cxd4 Bxd4 16. Bg5 Qxg5 17. Nxd4 d5 18. exd5 Nxd5 19. Nf3 Qh5 20. Qc2 c5 21.
Rfe1 Rae8 22. Bd3 Nf4 23. Be2 Qg4 24. g3 Nxe2+ 25. Rxe2 Qxf3 0-1